书目信息 |
| 题名: |
现代装饰线描集
|
|
| 作者: | 吴耀华 编绘 | |
| 分册: | ||
| 出版信息: | 北京 人民美术出版社 1996.09 |
|
| 页数: | 200页 | |
| 开本: | 24开 | |
| 丛书名: | ||
| 单 册: | ||
| 中图分类: | J522 | |
| 科图分类: | ||
| 主题词: | 工艺美术--中国 | |
| 电子资源: | ||
| ISBN: | 7-102-01681-0 | |
| 000 | 00558nam0 2200193 45 | |
| 001 | 0008181691 | |
| 005 | 20000818163555.3 | |
| 010 | @a7-102-01681-0@d13.00元 | |
| 100 | @a20000818d1996 km y0chiy0120 ea | |
| 101 | 0 | @achi |
| 105 | @a z 000yy | |
| 200 | 1 | @a现代装饰线描集@AXian Dai Zhuang Shi Xian Miao Ji@f吴耀华 编绘@FWu Yao Hua Bian Hui |
| 210 | @a北京@c人民美术出版社@d1996.09 | |
| 215 | @a200页@d24开 | |
| 606 | 0 | @a工艺美术@x中国 |
| 690 | @aJ522@v3 | |
| 701 | 0 | @a吴耀华@4编绘 |
| 801 | @aCN@bPftUser@c20000818 | |
| 905 | @b111352-361@dJ522@eW335@f10 | |
| 现代装饰线描集/吴耀华 编绘.-北京:人民美术出版社,1996.09 |
| 200页;24开 |
| ISBN 7-102-01681-0:13.00元 |
| ● |
| 相关链接 |
|
|
|
正题名:现代装饰线描集
索取号:J522/W335
 
预约/预借
| 序号 | 登录号 | 条形码 | 馆藏地/架位号 | 状态 | 备注 |
| 1 | 111352 | 201113525 | 自科二线404/309社科库 87排2列3层/ [索取号:J522/W335] | 在馆 | |
| 2 | 111353 | 201113534 | 自科二线404/404自科库 13排4列3层/ [索取号:J522/W335] | 在馆 | |
| 3 | 111354 | 201113543 | 自科二线404/309社科库 87排2列3层/ [索取号:J522/W335] | 在馆 | |
| 4 | 111355 | 201113552 | 自科二线404/404自科库 13排4列3层/ [索取号:J522/W335] | 在馆 | |
| 5 | 111356 | 201113561 | 社科库309/309社科库 86排2列6层/ [索取号:J522/W335] | 在馆 | |
| 6 | 111357 | 201113570 | 自科二线404/309社科库 87排2列3层/ [索取号:J522/W335] | 在馆 | |
| 7 | 111358 | 201113589 | 自科二线404/309社科库 87排2列3层/ [索取号:J522/W335] | 在馆 | |
| 8 | 111359 | 201113598 | 自科二线404/404自科库 5排3列1层/ [索取号:J522/W335] | 在馆 | |
| 9 | 111360 | 201113605 | 自科二线404/309社科库 87排2列3层/ [索取号:J522/W335] | 在馆 | |
| 10 | 111361 | 201113614 | 社科库309/309社科库 86排2列6层/ [索取号:J522/W335] | 在馆 |